Lyrics to "Days On End" by Brenn! - Statistics

General Stats
  • This quiz has been taken 14 times
  • The average score is 187 of 224
Answer Stats
Answer % Correct
a
100%
apart
100%
days
100%
Do
100%
don't
100%
end
100%
go
100%
got
100%
I
100%
is
100%
it
100%
know
100%
leave
100%
make
100%
Oh
100%
on
100%
see
100%
split
100%
the
100%
The
100%
wanna
100%
watch
100%
you
100%
airport
83%
and
83%
at
83%
be
83%
by
83%
call
83%
Chicago
83%
cross
83%
did?
83%
Does
83%
ever
83%
first
83%
for
83%
in
83%
just
83%
Lost
83%
lost
83%
louder
83%
luggage
83%
Maybe
83%
mind
83%
mountain
83%
mountains
83%
my
83%
name
83%
No
83%
one
83%
Only
83%
screamed
83%
stay
83%
than
83%
time
83%
to
83%
two
83%
Utah
83%
voice
83%
your
83%
across
67%
baby
67%
been
67%
can
67%
country
67%
different
67%
drinking
67%
else
67%
feel
67%
flight
67%
gonna
67%
Heard
67%
I've
67%
like
67%
looking
67%
mad
67%
me
67%
one's
67%
peaks
67%
piercing
67%
right
67%
seen
67%
something
67%
started
67%
tattoos
67%
telling
67%
Took
67%
traffic
67%
Yeah
67%
you've
67%
behind
50%
getting
50%
here's
50%
lurking
50%
shadow
50%
tragic
50%
weather
50%
worse
50%
yelling
50%
slit
17%
No matching quizzes found
Score Distribution
Percent of People with Each Score
Percentile by Number Answered
Your Score History
You have not taken this quiz